Sports Quiz

Random Sports Quiz

Played for Man Utd and the national team Quiz Stats

Quiz not verified by Sporcle

Also try: 4-Letter NBA Teams
Challenge
Share
Tweet
Embed
Score 0/115 Timer 20:00
1 Play Today
National team Answer % Correct
EcuadorAntonio Valencia
93.4%
BulgariaDimitar Berbatov
92.5%
WalesRyan Giggs
92.3%
South KoreaPark Ji-Sung
91.6%
EnglandPaul Scholes
91.4%
PortugalCristiano Ronaldo
90.3%
MexicoJavier Hernandez
89.8%
ArgentinaJuan Sebastian Veron
89.6%
EnglandGary Neville
89.1%
EnglandPhil Neville
89.1%
SerbiaNemanja Vidic
89.1%
BelgiumMarouane Fellaini
88.9%
EnglandDavid Beckham
88.9%
PortugalNani
88.3%
IrelandRoy Keane
87.1%
ScotlandDarren Fletcher
87.1%
EnglandNicky Butt
86.9%
SpainJuan Mata
86%
UruguayDiego Forlan
85.6%
EnglandWayne Rooney
85.4%
ArgentinaGabriel Heinze
85.2%
BrazilAnderson
85.1%
BrazilRafael
83.4%
SpainDavid de Gea
83.2%
JapanShinji Kagawa
82.5%
NorwayOle Gunnar Solskjaer
81.6%
Northern IrelandJonny Evans
81.4%
BrazilFabio
81.2%
FrancePatrice Evra
81.2%
FranceAnthony Martial
81.2%
USATim Howard
80.9%
ArgentinaCarlos Tevez
80.7%
NetherlandsRobin van Persie
80.7%
NetherlandsRuud van Nistelrooy
80.5%
EnglandAndy Cole
79.1%
EnglandMichael Carrick
78.7%
EnglandPhil Jones
78.7%
EnglandChris Smalling
78%
BrazilKleberson
77.4%
National team Answer % Correct
NetherlandsEdwin van der Sar
76.7%
NetherlandsDaley Blind
76.7%
ArgentinaAngel Di Maria
76.5%
South AfricaQuinton Fortune
76.5%
EnglandRio Ferdinand
76%
ItalyMatteo Darmian
76%
CameroonEric Djemba-Djemba
75.8%
GermanyBastian Schweinsteiger
75.6%
IrelandJohn O'Shea
75.4%
ColombiaRadamel Falcao
75%
FranceFabien Barthez
74.5%
ArgentinaMarcos Rojo
74.3%
AustraliaMark Bosnich
73.6%
EnglandWes Brown
73%
NetherlandsJaap Stam
72.3%
Czech RepublicKarel Poborsky
71.9%
EnglandTeddy Sheringham
71.8%
SwedenHenrik Larsson
71.6%
IrelandDenis Irwin
70.9%
FrancePaul Pogba
70.3%
NorwayRonny Johnsen
69.9%
BelgiumAdnan Januzaj
68.1%
EnglandAshley Young
66.8%
NorwayHenning Berg
65.8%
EnglandPaul Ince
64.8%
EnglandDanny Welbeck
64.7%
SenegalMame Biram Diouf
63.9%
NetherlandsMemphis Depay
63.6%
FranceMikael Silvestre
63%
ChinaDong Fangzhou
62.7%
ItalyGiuseppe Rossi
61.7%
EnglandMichael Owen
61.6%
SwedenJesper Blomqvist
60.3%
FranceLouis Saha
59.7%
ArgentinaSergio Romero
59.6%
EnglandLuke Shaw
58.8%
EnglandLee Sharpe
58.5%
AngolaManucho
57.7%
EnglandTom Cleverley
57%
National team Answer % Correct
IrelandDarron Gibson
56.1%
SpainGerard Pique
55.9%
EnglandAlan Smith
55.6%
EnglandOwen Hargreaves
55.2%
FranceMorgan Schneiderlin
52.6%
DenmarkAnders Lindegaard
51.5%
SerbiaZoran Tosic
49.7%
Northern IrelandRoy Carroll
49%
NetherlandsJordi Cruyff
48.3%
PolandTomasz Kuszczak
45.2%
EnglandBen Foster
45%
GibraltarDanny Higginbotham
43.5%
USAJonathan Spector
41.5%
Northern IrelandKeith Gillespie
41%
EnglandKieran Richardson
38.3%
Northern IrelandDavid Healy
37.9%
BelgiumRitchie De Laet
37.7%
IrelandLiam Miller
37%
Northern IrelandPaddy McNair
35.5%
NorwayJoshua King
33.7%
NorwayErik Nevland
30.6%
SpainVictor Valdes
29.5%
EnglandDion Dublin
27%
FranceWilliam Prunier
25.9%
EnglandRyan Shawcross
24.8%
SpainRicardo
24.2%
ScotlandPhil Bardsley
22.8%
WalesSimon Davies
20.8%
WalesTom Lawrence
20.4%
EnglandFraizer Campbell
19.3%
IrelandRobbie Brady
19.3%
EnglandWilfried Zaha
19.1%
Northern IrelandPhil Mulryne
19.1%
ScotlandMichael Stewart
18.6%
SwedenBojan Djordjic
17.3%
Northern IrelandPat McGibbon
14%
WalesDaniel Nardiello
9.5%

You're not logged in!

Compare scores with friends on all Sporcle quizzes.
Join for Free
OR
Log In

You Might Also Like...

Show Comments

Extras

Top Quizzes Today


Score Distribution

Your Account Isn't Verified!

In order to create a playlist on Sporcle, you need to verify the email address you used during registration. Go to your Sporcle Settings to finish the process.

Report this User

Report this user for behavior that violates our Community Guidelines.

Details: